<?xml version="1.0" encoding="UTF-8"?>
<record
    xmlns:xsi="http://www.w3.org/2001/XMLSchema-instance"
    xsi:schemaLocation="http://www.loc.gov/MARC21/slim http://www.loc.gov/standards/marcxml/schema/MARC21slim.xsd"
    xmlns="http://www.loc.gov/MARC21/slim">

  <leader>00853nam a22001577a 4500</leader>
  <controlfield tag="003">OSt</controlfield>
  <controlfield tag="005">20151024112157.0</controlfield>
  <controlfield tag="008">151024b        xxu||||| |||| 00| 0 eng d</controlfield>
  <datafield tag="040" ind1=" " ind2=" ">
    <subfield code="c">RUA</subfield>
  </datafield>
  <datafield tag="082" ind1=" " ind2=" ">
    <subfield code="a">AVM BUT 2010 B097 Or.1</subfield>
  </datafield>
  <datafield tag="100" ind1=" " ind2=" ">
    <subfield code="9">2740</subfield>
    <subfield code="a">BUTH, BUNNA.</subfield>
  </datafield>
  <datafield tag="245" ind1=" " ind2=" ">
    <subfield code="a">Use of water hyacinth and urea minerals  mixture as supplementary feed on growth performance of local "yellow"  cattle in rua, &#x1780;&#x17B6;&#x179A;&#x1794;&#x17D2;&#x179A;&#x17BE;&#x1794;&#x17D2;&#x179A;&#x17B6;&#x179F;&#x17CB;&#x1780;&#x17C6;&#x1794;&#x17D2;&#x179B;&#x17C4;&#x1780; &#x1793;&#x17B7;&#x1784;&#x1793;&#x17C5;&#x1782;&#x17C4;&#x1787;&#x17B6;&#x1785;&#x17C6;&#x178E;&#x17B8;&#x1794;&#x1793;&#x17D2;&#x1790;&#x17C2;&#x1798;&#x1791;&#x17C5;&#x179B;&#x17BE;&#x1780;&#x17B6;&#x179A;&#x179B;&#x17BC;&#x178F;&#x179B;&#x17B6;&#x179F;&#x17CB;&#x179A;&#x1794;&#x179F;&#x17CB;&#x1782;&#x17C4;&#x1780;&#x17D2;&#x1793;&#x17BB;&#x1784;&#x179F;&#x17D2;&#x179A;&#x17BB;&#x1780; &#x178A;&#x17C2;&#x179B;&#x1798;&#x17B6;&#x1793;&#x1785;&#x1798;&#x1794;&#x17BE;&#x1784;&#x1787;&#x17B6;&#x1785;&#x17C6;&#x1793;&#x17B8;&#x1782;&#x17D2;&#x179A;&#x17B9;&#x17C7; &#x1793;&#x17C5;&#x179F;&#x17D2;&#x1790;&#x17B6;&#x1793;&#x17B8;&#x1799;&#x17CF;&#x1796;&#x17B7;&#x179F;&#x17C4;&#x1792;&#x1793;&#x17CF;&#x179F;&#x178F;&#x17D2;&#x179C;&#x1793;&#x17C3;&#x200B; &#x179F;.&#x179C;.&#x1797;.&#x1780;</subfield>
  </datafield>
  <datafield tag="260" ind1=" " ind2=" ">
    <subfield code="a">Phnom Penh</subfield>
    <subfield code="b">RUA</subfield>
    <subfield code="c">2011</subfield>
  </datafield>
  <datafield tag="300" ind1=" " ind2=" ">
    <subfield code="a">x; 39p.</subfield>
    <subfield code="b">ill.</subfield>
    <subfield code="c">29cm.</subfield>
  </datafield>
  <datafield tag="942" ind1=" " ind2=" ">
    <subfield code="2">ddc</subfield>
    <subfield code="c">AVM</subfield>
  </datafield>
  <datafield tag="999" ind1=" " ind2=" ">
    <subfield code="c">2563</subfield>
    <subfield code="d">2563</subfield>
  </datafield>
  <datafield tag="952" ind1=" " ind2=" ">
    <subfield code="0">0</subfield>
    <subfield code="1">0</subfield>
    <subfield code="2">ddc</subfield>
    <subfield code="4">0</subfield>
    <subfield code="6">AVM_BUT_2010_000000000000000_B097_OR_1</subfield>
    <subfield code="7">0</subfield>
    <subfield code="9">11855</subfield>
    <subfield code="a">LBB</subfield>
    <subfield code="b">LBB</subfield>
    <subfield code="c">B097</subfield>
    <subfield code="d">2015-10-24</subfield>
    <subfield code="o">AVM BUT 2010 B097 Or.1</subfield>
    <subfield code="p">RUA019221</subfield>
    <subfield code="r">2015-10-24</subfield>
    <subfield code="w">2015-10-24</subfield>
    <subfield code="y">AVM</subfield>
  </datafield>
  <datafield tag="952" ind1=" " ind2=" ">
    <subfield code="0">0</subfield>
    <subfield code="1">0</subfield>
    <subfield code="2">ddc</subfield>
    <subfield code="4">0</subfield>
    <subfield code="6">AVM_BUT_2010_000000000000000_B097_OR_2</subfield>
    <subfield code="7">0</subfield>
    <subfield code="9">11856</subfield>
    <subfield code="a">LBB</subfield>
    <subfield code="b">LBB</subfield>
    <subfield code="c">B097</subfield>
    <subfield code="d">2015-10-24</subfield>
    <subfield code="o">AVM BUT 2010 B097 Or.2</subfield>
    <subfield code="p">RUA019293</subfield>
    <subfield code="r">2015-10-24</subfield>
    <subfield code="w">2015-10-24</subfield>
    <subfield code="y">AVM</subfield>
  </datafield>
  <datafield tag="952" ind1=" " ind2=" ">
    <subfield code="0">0</subfield>
    <subfield code="1">0</subfield>
    <subfield code="2">ddc</subfield>
    <subfield code="4">0</subfield>
    <subfield code="6">AVM_BUT_2010_000000000000000_B097_OR_3</subfield>
    <subfield code="7">0</subfield>
    <subfield code="9">11857</subfield>
    <subfield code="a">LBB</subfield>
    <subfield code="b">LBB</subfield>
    <subfield code="c">B097</subfield>
    <subfield code="d">2015-10-24</subfield>
    <subfield code="o">AVM BUT 2010 B097 Or.3</subfield>
    <subfield code="p">RUA019366</subfield>
    <subfield code="r">2015-10-24</subfield>
    <subfield code="w">2015-10-24</subfield>
    <subfield code="y">AVM</subfield>
  </datafield>
  <datafield tag="952" ind1=" " ind2=" ">
    <subfield code="0">0</subfield>
    <subfield code="1">0</subfield>
    <subfield code="2">ddc</subfield>
    <subfield code="4">0</subfield>
    <subfield code="6">AVM_BUT_2010_000000000000000_B097_OR_4</subfield>
    <subfield code="7">0</subfield>
    <subfield code="9">11858</subfield>
    <subfield code="a">LBB</subfield>
    <subfield code="b">LBB</subfield>
    <subfield code="c">B097</subfield>
    <subfield code="d">2015-10-24</subfield>
    <subfield code="o">AVM BUT 2010 B097 Or.4</subfield>
    <subfield code="p">RUA019470</subfield>
    <subfield code="r">2015-10-24</subfield>
    <subfield code="w">2015-10-24</subfield>
    <subfield code="y">AVM</subfield>
  </datafield>
  <datafield tag="952" ind1=" " ind2=" ">
    <subfield code="0">0</subfield>
    <subfield code="1">0</subfield>
    <subfield code="2">ddc</subfield>
    <subfield code="4">0</subfield>
    <subfield code="6">AVM_BUT_2010_000000000000000_B097_OR_5</subfield>
    <subfield code="7">0</subfield>
    <subfield code="9">11859</subfield>
    <subfield code="a">LBB</subfield>
    <subfield code="b">LBB</subfield>
    <subfield code="c">B097</subfield>
    <subfield code="d">2015-10-24</subfield>
    <subfield code="o">AVM BUT 2010 B097 Or.5</subfield>
    <subfield code="p">RUA015830</subfield>
    <subfield code="r">2015-10-24</subfield>
    <subfield code="w">2015-10-24</subfield>
    <subfield code="y">AVM</subfield>
  </datafield>
  <datafield tag="952" ind1=" " ind2=" ">
    <subfield code="0">0</subfield>
    <subfield code="1">0</subfield>
    <subfield code="2">ddc</subfield>
    <subfield code="4">0</subfield>
    <subfield code="6">AVM_BUT_2010_000000000000000_B097_OR_6</subfield>
    <subfield code="7">0</subfield>
    <subfield code="9">11860</subfield>
    <subfield code="a">LBB</subfield>
    <subfield code="b">LBB</subfield>
    <subfield code="c">B097</subfield>
    <subfield code="d">2015-10-24</subfield>
    <subfield code="o">AVM BUT 2010 B097 Or.6</subfield>
    <subfield code="p">RUA015825</subfield>
    <subfield code="r">2015-10-24</subfield>
    <subfield code="w">2015-10-24</subfield>
    <subfield code="y">AVM</subfield>
  </datafield>
  <datafield tag="952" ind1=" " ind2=" ">
    <subfield code="0">0</subfield>
    <subfield code="1">0</subfield>
    <subfield code="2">ddc</subfield>
    <subfield code="4">0</subfield>
    <subfield code="6">AVM_BUT_2010_000000000000000_B097_OR_7</subfield>
    <subfield code="7">0</subfield>
    <subfield code="9">11861</subfield>
    <subfield code="a">LBB</subfield>
    <subfield code="b">LBB</subfield>
    <subfield code="c">B097</subfield>
    <subfield code="d">2015-10-24</subfield>
    <subfield code="o">AVM BUT 2010 B097 Or.7</subfield>
    <subfield code="p">RUA015759</subfield>
    <subfield code="r">2015-10-24</subfield>
    <subfield code="w">2015-10-24</subfield>
    <subfield code="y">AVM</subfield>
  </datafield>
  <datafield tag="952" ind1=" " ind2=" ">
    <subfield code="0">0</subfield>
    <subfield code="1">0</subfield>
    <subfield code="2">ddc</subfield>
    <subfield code="4">0</subfield>
    <subfield code="6">AVM_BUT_2010_000000000000000_B097_OR_8</subfield>
    <subfield code="7">0</subfield>
    <subfield code="9">11862</subfield>
    <subfield code="a">LBB</subfield>
    <subfield code="b">LBB</subfield>
    <subfield code="c">B097</subfield>
    <subfield code="d">2015-10-24</subfield>
    <subfield code="o">AVM BUT 2010 B097 Or.8</subfield>
    <subfield code="p">RUA015327</subfield>
    <subfield code="r">2015-10-24</subfield>
    <subfield code="w">2015-10-24</subfield>
    <subfield code="y">AVM</subfield>
  </datafield>
  <datafield tag="952" ind1=" " ind2=" ">
    <subfield code="0">0</subfield>
    <subfield code="1">0</subfield>
    <subfield code="2">ddc</subfield>
    <subfield code="4">0</subfield>
    <subfield code="6">AVM_BUT_2010_000000000000000_B097_OR_9</subfield>
    <subfield code="7">0</subfield>
    <subfield code="9">11863</subfield>
    <subfield code="a">LBB</subfield>
    <subfield code="b">LBB</subfield>
    <subfield code="c">B097</subfield>
    <subfield code="d">2015-10-24</subfield>
    <subfield code="o">AVM BUT 2010 B097 Or.9</subfield>
    <subfield code="p">RUA015699</subfield>
    <subfield code="r">2015-10-24</subfield>
    <subfield code="w">2015-10-24</subfield>
    <subfield code="y">AVM</subfield>
  </datafield>
  <datafield tag="952" ind1=" " ind2=" ">
    <subfield code="0">0</subfield>
    <subfield code="1">0</subfield>
    <subfield code="2">ddc</subfield>
    <subfield code="4">0</subfield>
    <subfield code="6">AVM_BUT_2010_000000000000000_B097_OR_10</subfield>
    <subfield code="7">0</subfield>
    <subfield code="9">11864</subfield>
    <subfield code="a">LBB</subfield>
    <subfield code="b">LBB</subfield>
    <subfield code="c">B097</subfield>
    <subfield code="d">2015-10-24</subfield>
    <subfield code="l">1</subfield>
    <subfield code="o">AVM BUT 2010 B097 Or.10</subfield>
    <subfield code="p">RUA015623</subfield>
    <subfield code="r">2016-11-25</subfield>
    <subfield code="s">2016-11-12</subfield>
    <subfield code="w">2015-10-24</subfield>
    <subfield code="y">AVM</subfield>
  </datafield>
</record>
